Statistics for 2023-24 FIFA EPL STARTING LINEUP QUIZ

Click here to take the quiz!

General Stats

  • This quiz has been taken 230 times
  • The average score is 32 of 44

Answer Stats

HintAnswer% Correct
STErling Haaland
98%
GKEderson
95%
LWLuis Díaz
95%
RWBukayo Saka
91%
LWPhil Foden
91%
GKAaron Ramsdale
90%
RWMohamed Salah
90%
GKAlisson
89%
CBVirgil van Dijk
89%
GKAndré Onana
87%
CMKevin De Bruyne
87%
STMarcus Rashford
87%
RBKyle Walker
85%
CBNathan Aké
84%
LWGabriel Martinelli
83%
CMMartin Ødegaard
83%
RBTrent Alexander-Arnold
83%
CMRodri
81%
LBAndrew Robertson
78%
CMBruno Fernandes
78%
CFJulián Álvarez
78%
RWBernardo Silva
77%
CDMCasemiro
77%
CBWilliam Saliba
74%
LBLuke Shaw
73%
CBRaphaël Varane
73%
RBAaron Wan-Bissaka
71%
CMAlexis Mac Allister
70%
CBLisandro Martínez
68%
CMDeclan Rice
67%
STDiogo Jota
67%
RMAntony
66%
CBBen White
66%
CBIbrahima Konaté
66%
CBManuel Akanji
66%
CMDominik Szoboszlai
64%
STEddie Nketiah
63%
LMAlejandro Garnacho
58%
CMCody Gakpo
54%
CMKai Havertz
53%
RBThomas Partey
50%
CMMason Mount
37%
LBRico Lewis
36%
LBJurriën Timber
28%

Score Distribution

Percentile by Number Answered

Percent of People with Each Score

Your Score History

You have not taken this quiz